000 01149cam a2200289 a 4500
005 20140925155206.0
008 130318s2013 dcu 001 0 eng
010 _a2013011060
020 _a9780890425565 (pbk. : alk. paper)
035 _a(DNLM)101604222
040 _aDNLM/DLC
_cDLC
_dDLC
042 _apcc
050 0 0 _aRC 470
_b.Am44 2013
110 2 _aAmerican Psychiatric Association.
245 1 0 _aDesk reference to the diagnostic criteria from DSM-5 /
_cAmerican Psychiatric Association.
246 3 0 _aDiagnostic criteria from DSM-5.
260 _aWashington, DC :
_bAmerican Psychiatric Publishing,
_c©2013.
300 _axlviii, 395 pages ;
_c17 cm.
500 _a"The Desk reference to the diagnosis criteria from DSM-5 is meant to be used in conjunction with the full DSM-5"--p. vii.
630 0 2 _aDiagnostic and statistical manual of mental disorders.
_s5th ed.
650 0 _aPsychiatric disability evaluation.
650 0 _aManaged mental health care.
650 1 2 _aMental Disorders
_xdiagnosis.
650 2 2 _aMental Disorders
_xclassification.
710 2 _aAmerican Psychiatric Association.
942 _2lcc
_cBK
_kFOR
999 _c275888
_d275888